|
|
|
|
| LEADER |
01327nam a2200265 a 4500 |
| 001 |
GR-MES10872 |
| 008 |
061005s xxk 000 0 gre d |
| 020 |
|
|
|a 0198500416
|
| 020 |
|
|
|a 0198507097
|
| 040 |
|
|
|a GrPaTEI
|b gre
|c GR-PaULI
|
| 040 |
|
|
|a GrPaTEI
|b gre
|c GR-PaULI
|
| 100 |
1 |
|
|a Gibson, Ray
|
| 245 |
1 |
0 |
|a Photographic guide to the sea and shore life of Britain and North-west Europe /
|c Ray Gibson ; Benedict Hextall , Alex Rogers.
|
| 260 |
|
|
|a Oxford ; New York :
|b Oxford university press,
|c 2001
|
| 300 |
|
|
|a xiv , 436p :
|b ill.(some col.) , col. maps ;
|c 22cm
|
| 500 |
|
|
|a Περιλαμβάνει ευρετήριο.
|
| 650 |
|
0 |
|a Seashore biology
|z Europe , Northern
|x Identification
|
| 650 |
|
0 |
|a Seashore biology
|z Great Britain
|x identification
|
| 700 |
1 |
|
|a Hextall, Benedict
|
| 700 |
1 |
|
|a Rogers, Alex
|
| 942 |
|
|
|2 ddc
|
| 952 |
|
|
|0 0
|1 0
|2 ddc
|4 0
|6 578_769000000000000_909_41_GIB
|7 0
|9 270146
|a MSLG
|b MSLG
|c BSC
|d 2021-01-17
|e 24
|f 0
|g 0.00
|l 0
|o 578.769 909 41 GIB
|p 2420000019396
|r 2021-01-17 00:00:00
|t 1
|w 2021-01-17
|y BK15
|x 20061005 0 1
|x GrPaTEI
|
| 952 |
|
|
|0 0
|1 0
|2 ddc
|4 0
|6 578_769000000000000_909_41_GIB
|7 0
|9 270147
|a MSLG
|b MSLG
|c BSC
|d 2021-01-17
|e 24
|f 0
|g 0.00
|l 0
|o 578.769 909 41 GIB
|p 2420000019397
|r 2021-01-17 00:00:00
|t 1
|w 2021-01-17
|y BK15
|x 20061005 0 1
|x GrPaTEI
|
| 971 |
|
|
|a .b25769194
|b 15-04-20
|c 13-09-16
|
| 999 |
|
|
|c 155985
|d 155985
|